| 000 | 00565nam a2200193 a 4500 | ||
|---|---|---|---|
| 005 | 20210219153100.0 | ||
| 008 | 991125n 000 0 u | ||
| 035 | _aUPN01000077038 | ||
| 100 | 1 | _aWeilwer, Hans N. | |
| 222 | _aREVISTA DE EDUCACION | ||
| 245 | _a¿ Es la descentralización de la dirección educativa un ejercicio contradictorio ? | ||
| 260 | _aMadrid, España | ||
| 300 | _a57-80 | ||
| 362 | 0 | _a1992 No. 299, sept.-dic. | |
| 653 | 0 | _aDESCENTRALIZACION EDUCATIVA | |
| 653 | 0 | _aPOLITICA EDUCATIVA | |
| 904 |
_aAC _b014849 |
||
| 905 | _aArticulo | ||
| 999 |
_c68014 _d68014 |
||